Personnalités nées à Paris par image - Statistiques

Statistiques générales
  • Ce quiz a été pris 159 fois
  • Le résultat moyen est 15 sur 20
Statistiques - réponses
Par images Hint Réponse % Correct
Humoriste et comédien Coluche
97%
Footballeur Kylian Mbappé
95%
Chanteur Johnny Hallyday
91%
Chanteur Jean-Jacques Goldman
88%
Présentateur Nikos Aliagas
85%
Acteur et réalisateur Gérard Jugnot
83%
Acteur et humoriste Élie Sémoun
82%
Actrice Emma Watson
80%
Tennisman Gaël Monfils
79%
Footballeur N'Golo Kanté
79%
Chanteuse France Gall
78%
Chef d'État Louis-Napoléon Bonaparte
74%
Chanteur Michel Sardou
73%
Écrivain et philosophe Voltaire
72%
Actrice Léa Seydoux
58%
Homme Politique et avocat Robert Badinter
57%
Actrice Isabelle Adjani
56%
Acteur Jean Rochefort
51%
Chanteur Pierre Bachelet
41%
Écrivain et scénariste de BD René Goscinny
39%
Aucun quiz correspondant
Distribution des résultats
% des personnes avec chaque résultat
Percentile par nombre de réponses
Votre historique - résultats
Vous n’avez pas pris ce quiz